El sentimiento estético
שמור ב:
| מחבר ראשי: | |
|---|---|
| פורמט: | ספר |
| שפה: | ספרדית |
| יצא לאור: |
Santiago
Nascimento
1936
|
| נושאים: | |
| תגים: |
הוספת תג
אין תגיות, היה/י הראשונ/ה לתייג את הרשומה!
|
MARC
| LEADER | 00000cam a2200000 a 4500 | ||
|---|---|---|---|
| 001 | UCY8816 | ||
| 003 | CL-VaPUC | ||
| 008 | 950707e19360000CL |||||||||||||||||spa|d | ||
| 082 | 0 | 4 | |a 701.17 |b DEL |2 21 |
| 100 | 0 | |a Delacroix, Henri Joachim |e author |9 340535 | |
| 245 | 1 | 3 | |a El sentimiento estético |
| 300 | |a 80 p | ||
| 942 | |c BK | ||
| 945 | |d 19950707 00:00:00 |a aalvarez | ||
| 260 | |a Santiago |b Nascimento |c 1936 | ||
| 650 | 0 | |a Estética |9 264950 | |
| 650 | 0 | |a Filosofía del arte |9 264951 | |
| 583 | |a last modification |c 20141010 04:33:47 |k Rodrigo Vera | ||
| 999 | |c 236017 |d 236015 | ||
| 952 | |0 0 |1 0 |4 0 |6 701_170000000000000_DEL_1936 |7 0 |8 P |9 243820 |a BIBEDU |b BIBEDU |c BIBEDU_PB |d 2019-11-18 |i 3100707 |o 701.17 DEL 1936 |p 3100707 |r 2024-01-25 |w 2019-11-18 |y BK |k FIL | ||
| 952 | |0 0 |1 0 |3 erb |4 0 |6 701_170000000000000_DEL_1936 |7 0 |8 P |9 243821 |a BIBEDU |b BIBEDU |c BIBEDU_PB |i 5007704 |o 701.17 DEL 1936 |p 5007704 |r 2024-01-25 |w 2019-11-18 |y BK |z Catalogado en:20141016 |k FIL | ||